MyGZULibrary

Nhume yamambo / (Record no. 2574)

MARC details
000 -LEADER
fixed length control field 00611nam a22002297a 4500
001 - CONTROL NUMBER
control field 2029902
003 - CONTROL NUMBER IDENTIFIER
control field GZU
005 - DATE AND TIME OF LATEST TRANSACTION
control field 20201103155851.0
008 - FIXED-LENGTH DATA ELEMENTS--GENERAL INFORMATION
fixed length control field 930911s1990 rh 000 0 eng
010 ## - LIBRARY OF CONGRESS CONTROL NUMBER
LC control number 91981019
020 ## - INTERNATIONAL STANDARD BOOK NUMBER
International Standard Book Number 0869224816
040 ## - CATALOGING SOURCE
Original cataloging agency DLC
Transcribing agency DLC
050 00 - LIBRARY OF CONGRESS CALL NUMBER
Classification number PL8681
Item number MUT 1990
100 1# - MAIN ENTRY--PERSONAL NAME
Personal name Mutasa, N. M.
Relator term author
245 10 - TITLE STATEMENT
Title Nhume yamambo /
Statement of responsibility, etc. N.M. Mutasa.
260 ## - PUBLICATION, DISTRIBUTION, ETC.
Place of publication, distribution, etc. Gweru, Zimbabwe :
Name of publisher, distributor, etc. Mambo Press,
Date of publication, distribution, etc. 1990.
300 ## - PHYSICAL DESCRIPTION
Extent 202 p. ;
Dimensions 19 cm.
500 ## - GENERAL NOTE
General note Novel.
906 ## - LOCAL DATA ELEMENT F, LDF (RLIN)
a 7
b cbc
c orignew
d u
e ncip
f 19
g y-gencatlg
942 ## - ADDED ENTRY ELEMENTS (KOHA)
Source of classification or shelving scheme Library of Congress Classification
Koha item type Books
Classification part 8681
Item part MUT
Call number prefix PL
Holdings
Withdrawn status Lost status Source of classification or shelving scheme Damaged status Not for loan Collection code Home library Current library Shelving location Date acquired Total Checkouts Full call number Barcode Date last seen Date last checked out Copy number Price effective from Koha item type Inventory number
    Library of Congress Classification     Fiction City Campus Library City Campus Library General Stacks 11/03/2020 1 PL8681.9 MUT 1990 008689 07/15/2022 07/01/2022 c. 1 11/03/2020 Books  
    Library of Congress Classification     Fiction City Campus Library City Campus Library General Stacks 03/16/2021   PL 8681.9 MUT 1990 008687 03/16/2021   c. 2 03/16/2021 Books 13483
    Library of Congress Classification     Fiction City Campus Library City Campus Library General Stacks 04/08/2021 3 PL8681.9 MUT 1990 008690 02/28/2025 02/12/2025 c. 3 04/08/2021 Books  
    Library of Congress Classification     Fiction City Campus Library City Campus Library General Stacks 04/12/2021   PL8681.9 MUT 1990 004362 04/12/2021   c. 4 04/12/2021 Books  
    Library of Congress Classification     Fiction Mashava Campus Library Mashava Campus Library General Stacks 05/21/2021   PL8681.9 MUT 1990 8911 05/21/2021   c. 5 05/21/2021 Books 8911